Membros do Big Bang (ot5) - Statistics

Estatísticas Gerais
  • Esse quiz foi jogado 5 vezes
  • A pontuação média é 3 de 5
Estatísticas das Respostas
Resposta % Correto
T.O.P
100%
Daesung
80%
Seungri
80%
Taeyang
60%
G-Gragon
0%
Nenhum quiz correspondente encontrado
Distribuição das Pontuações
Porcentagem de Pessoas com Cada Pontuação
Percentil de Números Respondidos
Sua Pontuação Histórica
Você não jogou esse quiz